000 00669nam a2200253Ia 4500
003 OSt
005 20220918163436.0
006 a|||||r|||| 00| 0
007 ta
008 220917b |||||||| |||| 00| 0 eng d
020 _a0 85991
024 _a32,271
037 _cTextual
040 _aARTS
_cARTS
_beng
041 _2eng
_aeng
082 _aO111,3:g, L6
100 _aWilson Anne
_913198
245 0 _aTraditional romance and tale
_b How stories mean
260 _aIpswich
_bD S Brewer
_c1976
300 _axii, 116p.
_ccm.
650 _aENGLISH LITERATURE
942 _hO111,3:g, L6
_cTEXL
_2CC
999 _c119645
_d119645